000 01076nam a22003017a 4500
001 BR7600720
003 BR-BrBNA
005 20230928084909.0
007 ta
008 230509b bl.||||| |||| 00| 0 por d
040 _aBR-BrBNA
_bpor
_cBiblioteca Nacional de Agricultura
041 _a(Por)
072 _aF10
_b/G514
090 _ F10 BR7600720
100 1 _aFoloni, L.L.
110 1 _aEscola Superior de Agricultura Luiz de Queiroz, Piracicaba, SP (Brasil)
_0Dissertacao (Mestre)
245 1 _aInvestigacoes sobre um sistema de coleta de vapor d'agua do ar, para analise da variacao isotopica natural [Evaporacao; Brasil]
260 3 _aPiracicaba, SP (Brasil):
_c1975.
300 _a84 p.
500 _a15 illus.; 9 tables; Bibliography p. 78-84 (54 ref.); Summaries (Eng, Por). (*) Documento disponível na(o) Escola Superior de Agricultura Luiz de Queiroz, Piracicaba, SP (Brazil)
650 _aCLIMATOLOGIA
650 _aISOTOPO
650 _aAGUA
650 _aUMIDADE
650 _aEVAPORACAO
909 _a202309
_bLucia
_c55
_dLucia Elande
942 _cBK
999 _c21739
_d21739